Trikots farben 21/22 bundesliga - Statistiken

Allgemein
  • Dieses Quiz wurde 295 mal gespielt
  • Das Durchschnittsergebnis liegt bei 8 aus 18
Antwortstatistiken
Verein Farbe Trikot (ohne Sponsor und Logo) % Korrekt
Hertha Blau,Weiß
90%
Bayern Rot,Weiß
90%
Leipzig Rot,Weiß
90%
Union Berlin Rot,Weiß
90%
Köln Rot,Weiß
90%
Dortmund Gelb,Schwarz
81%
Wolfsburg Grün,Weiß
80%
Greuther Fürth Grün,Weiß
80%
Leverkusen Schwarz,Rot
41%
Frankfurt Schwarz,Rot
41%
Augsburg Grün,Rot,Weiß
7%
Gladbach Grün,Weiß,Schwarz
7%
Mainz Schwarz,Weiß,Rot
5%
Stuttgart Weiß,Rot,Schwarz
5%
Bochum Dunkel Blau,Weiß
3%
Hoffenheim Weiß,Blau,Schwarz
3%
Bielefeld Weiß,Blau,Schwarz
3%
Freiburg Rot,Weiß,Dunkelrot
1%
Keine übereinstimmenden Quizze gefunden
Verteilung der Resultate
Anzahl Personen mit jedem Resultat
Perzentil nach korrekt beantworteten Fragen
Ihre Resultats-Entwicklung
Sie haben dieses Quiz noch nicht gespielt